| 000 | 00475nam a2200181Ia 4500 | ||
|---|---|---|---|
| 003 | OSt | ||
| 005 | 20251115161254.0 | ||
| 008 | 221021s9999||||xx |||||||||||||| ||und|| | ||
| 020 | _a0-07-251264-4 | ||
| 040 | _cChuka University Library | ||
| 050 |
_a QD 31.3 _b.C53 2005 |
||
| 100 |
_aChang Raymond and Brandson Cruickshank _91159 |
||
| 245 | 0 | _aChemistry | |
| 260 |
_aBoston _bMcGrawhill _c2005 |
||
| 300 | _aMany Paging | ||
| 650 |
_aChemistry _9144 |
||
| 942 |
_cBK _2lcc _03 |
||
| 999 |
_c1111 _d1111 |
||